000 00657nam a2200253Ia 4500
003 OSt
005 20221007111926.0
006 a|||||r|||| 00| 0
007 ta
008 221006b |||||||| |||| 00| 0 eng d
020 _a8185353611
024 _a24,547
037 _cTextual
040 _aLCO
_cLCO
_beng
041 _2eng
_aeng
082 _aZ2,218, P9
100 _aGurmit Singh
_941778
245 0 _aUnderstanding Carbon Credits
260 _aNew
_bDelhi Aditya Books Pvt. Ltd. India
_c2009
300 _a466
650 _aCARBON CREDIT
_9708628
942 _hZ2,218, P9
_cTEXL
999 _c1194110
_d1194110